Convex figures and polyhedra /

Guardado en:
Autor Principal: Liusternik, L. A. 1899-
Formato: Libro
Idioma:English
Russian
Publicado: New York : Dover Publications, [1963]
Materias:
Etiquetas: Agregar Etiqueta
Sin Etiquetas, Sea el primero en etiquetar este registro!
LEADER 00743nam a22002291a 4500
001 MAT.inmabb005609
008 840706s1963####nyua##########000#0#eng##
005 20130308160045.0
245 1 0 |a Convex figures and polyhedra /  |c Translated from the Russian by T. Jefferson Smith. 
260 |a New York :  |b Dover Publications,  |c [1963] 
300 |a 176 p. :  |b il. ;  |c 22 cm. 
500 |a "S1021." 
510 4 |a MR,  |c 28 #4427 
100 1 |a Liusternik, L. A.  |q (Lazar´ Aronovich),  |d 1899- 
240 1 0 |a Vypuklye figury i mnogogranniki.  |l Inglés 
650 0 |a Polyhedra. 
650 0 |a Convex bodies. 
084 |a 52-02 (52Bxx)  |2 msc2000 
010 |a  63003429  
040 |a DLC/ICU  |c ICU  |d DLC 
041 1 |a eng  |h rus 
859 |h 52  |i L783  |p A-2852  |b BIB. MATEMATICA